000 01034nam a2200253 i 4500
001 148609
003 ES-MaACL
005 20250812221538.0
007 t|
008 070214s1968 sp a r ||||1| spa d
080 _a551.466:627
080 _a532.5:627
100 1 _aSuárez Bores, J.
_9108589
245 1 0 _aAcción del oleaje sobre las estructuras exteriores /
_cJ. Suárez Bores.
260 _aMadrid :
_bCentro de Estudios y Experimentación de Obras Públicas, Laboratorio de Puertos,
_c1968.
300 _a68 p. :
_bil. ;
_c27 cm.
490 1 _aCentro de Estudios y Experimentación de Obras Públicas. Laboratorio de Puertos ;
_v7-B
504 _aBibliografía: p. 63-68.
650 4 _aOlas.
_9144225
710 2 _aCentro de Estudios y Experimentación de Obras Públicas.
_bLaboratorio de Puertos (España)
_92687
830 0 0 _aCentro de Estudios y Experimentación de Obras Públicas.
_pLaboratorio de Puertos
_v7-B
_9189888
852 _aES-MaACL
_j2277-F-7
_xOlim P-1412
999 _c148609
_d148609